[Event "Titled Tuesday intern op 18th Jul Early"]
[Site "Chess.com INT"]
[Date "2023.07.18"]
[Round "4"]
[White "Rodriguez Lopez, Andres Camilo"]
[Black "Nan, MK Khine Hlyan"]
[Result "1-0"]
[WhiteElo "2002"]
[BlackElo "1973"]
[PlyCount "137"]
[EventDate "2023.07.18"]
[EventType "swiss (blitz)"]
[EventRounds "11"]
[EventCountry "USA"]
[SourceTitle "EXT 2024"]
[Source "ChessBase"]
[SourceDate "2023.10.10"]
[SourceVersion "1"]
[SourceVersionDate "2023.10.10"]
[SourceQuality "1"]

1. e4 d6 2. d4 Nf6 3. Nc3 g6 4. Bg5 Bg7 5. e5 dxe5 6. dxe5 Qxd1+ 7. Rxd1 Nfd7 8. f4 f6 9. exf6 exf6 10. Bh4 0-0 11. Bc4+ Kh8 12. Nf3 Nb6 13. Bb3 Bg4 14. Kf2 Nc6 15. Rhe1 h6 16. h3 Bxf3 17. Kxf3 g5 18. Bf2 f5 19. Nb5 h5 20. fxg5 Bxb2 21. Nxc7 Rac8 22. Bxb6 axb6 23. Ne6 Ne5+ 24. Rxe5 Bxe5 25. Nxf8 Rxf8 26. Rd7 Bd4 27. g6 Bg7 28. Rxb7 Rc8 29. Rxb6 Rc3+ 30. Kf4 Bh6+ 31. Kxf5 Rc5+ 32. Ke4 Kg7 33. a4 Rg5 34. Kf3 Rf5+ 35. Ke2 Re5+ 36. Kf1 Be3 37. Re6 Rf5+ 38. Ke2 Bc5 39. Rc6 Bb4 40. Bf7 Re5+ 41. Kd3 Re1 42. g4 hxg4 43. hxg4 Rg1 44. Rc4 Ba5 45. Re4 Rg3+ 46. Kc4 Rg1 47. Kb5 Rd1 48. Kxa5 Rd8 49. c4 Ra8+ 50. Kb4 Rb8+ 51. Kc3 Rc8 52. Re1 Rd8 53. Ra1 Ra8 54. a5 Ra6 55. Kb4 Kf6 56. Kb5 Ra8 57. a6 Rd8 58. a7 Rd2 59. a8Q Rb2+ 60. Kc5 Kg7 61. Qf3 Rb8 62. Qc3+ Kh6 63. Rh1+ Kg5 64. Qe5+ Kxg4 65. Be6+ Kf3 66. Rh3+ Kf2 67. Qe3+ Kg2 68. Rg3+ Kh2 69. Qg1# 1-0

[Event "Titled Tuesday intern op 11th Apr Early"]
[Site "Chess.com INT"]
[Date "2023.04.11"]
[Round "7"]
[White "Passen, Brett"]
[Black "Rodriguez Lopez, Andres Camilo"]
[Result "1-0"]
[WhiteElo "1921"]
[BlackElo "2002"]
[PlyCount "41"]
[EventDate "2023.04.11"]
[EventType "swiss (blitz)"]
[EventRounds "11"]
[EventCountry "USA"]
[SourceTitle "CBM 213 Extra"]
[Source "ChessBase"]
[SourceDate "2023.05.31"]
[SourceVersion "1"]
[SourceVersionDate "2023.05.31"]
[SourceQuality "1"]

1. c4 Nf6 2. Nc3 g6 3. e4 d6 4. d4 Bg7 5. Be2 0-0 6. Bg5 c5 7. d5 e6 8. Nf3 h6 9. Be3 exd5 10. exd5 Re8 11. h3 Bf5 12. Nh4 Be4 13. Qd2 Kh7 14. f3 Nfd7 15. g3 Bf5 16. Nxf5 gxf5 17. 0-0-0 Qe7 18. Bf4 Bxc3 19. Qxc3 Qxe2 20. Rhe1 Qxe1 21. Rxe1 1-0

[Event "COL Subzt 2.3.4"]
[Site "Risarald"]
[Date "2021.11.27"]
[Round "8"]
[White "Rodriguez Lopez, Andres Camilo"]
[Black "Realpe Amaya, Yeirson Dario"]
[Result "1-0"]
[WhiteElo "1921"]
[BlackElo "1593"]
[PlyCount "125"]
[EventDate "2021.11.23"]
[EventType "swiss"]
[EventRounds "9"]
[EventCountry "COL"]
[SourceTitle "CBM 205 Extra"]
[Source "ChessBase"]
[SourceDate "2022.01.31"]
[SourceVersion "1"]
[SourceVersionDate "2022.01.31"]
[SourceQuality "1"]

1. e4 d6 2. d4 Nf6 3. Nc3 Nbd7 4. Nf3 e5 5. Bc4 Be7 6. dxe5 dxe5 7. Ng5 0-0 8. Bxf7+ Rxf7 9. Ne6 Qe8 10. Nxc7 Qd8 11. Nxa8 b5 12. Nd5 Nxd5 13. Qxd5 Nf6 14. Qxd8+ Bxd8 15. f3 Bb7 16. Be3 Bxa8 17. 0-0-0 Be7 18. Kb1 h6 19. Bxa7 Kh7 20. Bb8 Nh5 21. Bxe5 Bf6 22. Bxf6 Rxf6 23. Rd8 Bb7 24. Re1 Re6 25. g3 Bc6 26. Kc1 Be8 27. Red1 Bg6 28. Rb8 Nf6 29. Rxb5 Ra6 30. a3 Rc6 31. Rd8 Nxe4 32. fxe4 Bxe4 33. c3 Rf6 34. Kd2 Bg6 35. Re5 Rf2+ 36. Re2 Rf1 37. Ke3 Bh5 38. Rdd2 Rf6 39. Rf2 Re6+ 40. Kd4 Bg6 41. c4 Re4+ 42. Kd5 Re1 43. c5 Be4+ 44. Kd6 Rc1 45. b4 g5 46. b5 Rc4 47. c6 Kg6 48. Rfe2 Bf5 49. Re5 Bg4 50. b6 Kf6 51. Rc5 Re4 52. b7 Re8 53. Rf2+ Kg7 54. c7 Re6+ 55. Kd5 Re1 56. b8Q Rd1+ 57. Ke4 Re1+ 58. Kd3 Rd1+ 59. Kc2 Rd7 60. c8Q Bd1+ 61. Kc3 Rd3+ 62. Kxd3 Bb3 63. Qxb3 1-0

[Event "COL Subzt 2.3.4"]
[Site "Risarald"]
[Date "2021.11.24"]
[Round "3"]
[White "Oliveros, Camilo"]
[Black "Rodriguez Lopez, Andres Camilo"]
[Result "1-0"]
[WhiteElo "2155"]
[BlackElo "1921"]
[PlyCount "81"]
[EventDate "2021.11.23"]
[EventType "swiss"]
[EventRounds "9"]
[EventCountry "COL"]
[SourceTitle "CBM 205 Extra"]
[Source "ChessBase"]
[SourceDate "2022.01.31"]
[SourceVersion "1"]
[SourceVersionDate "2022.01.31"]
[SourceQuality "1"]

1. e4 c5 2. Nf3 d6 3. d4 cxd4 4. Nxd4 Nf6 5. Nc3 g6 6. f3 Bg7 7. Be3 0-0 8. Qd2 Nc6 9. 0-0-0 Nxd4 10. Bxd4 Be6 11. h4 Qa5 12. Kb1 Rfc8 13. a3 Rab8 14. h5 b5 15. Bxf6 Bxf6 16. Nd5 Qxd2 17. Nxf6+ Kg7 18. Rxd2 Kxf6 19. f4 Bc4 20. hxg6 hxg6 21. g4 Bxf1 22. Rxf1 Rc4 23. g5+ Kg7 24. f5 gxf5 25. exf5 Rh4 26. f6+ Kf8 27. fxe7+ Kxe7 28. Re2+ Kf8 29. g6 Rb7 30. Ref2 Rg4 31. Rxf7+ Rxf7 32. Rxf7+ Ke8 33. Rxa7 Rxg6 34. Rb7 Rg5 35. Ka2 Kd8 36. Kb3 Kc8 37. Rh7 Rf5 38. c3 Rg5 39. Kb4 Rg2 40. b3 Rg5 41. Ra7 1-0

[Event "COL Subzt 2.3.4"]
[Site "Risarald"]
[Date "2021.11.23"]
[Round "1"]
[White "Lopez, Ricardo Andres"]
[Black "Rodriguez Lopez, Andres Camilo"]
[Result "0-1"]
[WhiteElo "1483"]
[BlackElo "1921"]
[PlyCount "58"]
[EventDate "2021.11.23"]
[EventType "swiss"]
[EventRounds "9"]
[EventCountry "COL"]
[SourceTitle "CBM 205 Extra"]
[Source "ChessBase"]
[SourceDate "2022.01.31"]
[SourceVersion "1"]
[SourceVersionDate "2022.01.31"]
[SourceQuality "1"]

1. e4 c5 2. d4 cxd4 3. c3 dxc3 4. Nxc3 e6 5. Nf3 Nc6 6. Bf4 a6 7. a3 Nge7 8. Bc4 Ng6 9. Bg3 Be7 10. 0-0 0-0 11. Rc1 b5 12. Ba2 Qb6 13. Qe2 Rd8 14. Rfd1 d6 15. h3 Bb7 16. e5 Ncxe5 17. Nxe5 dxe5 18. Ne4 Rd4 19. Nd2 Bg5 20. Nf3 Re4 21. Qf1 Bxc1 22. Rxc1 Nf4 23. Rc2 Bd5 24. Bb1 Bc4 25. Qd1 Bb3 26. Bxf4 exf4 27. Nd2 Bxc2 28. Qxc2 Re1+ 29. Kh2 Qxf2 0-1

[Event "Medellin Easter op"]
[Site "Medellin"]
[Date "2015.??.??"]
[Round "1"]
[White "Rodriguez Lopez, Andres Camilo"]
[Black "Lotero, Faiber"]
[Result "0-1"]
[WhiteElo "1933"]
[BlackElo "2139"]
[PlyCount "54"]
[EventDate "2015.04.01"]
[EventType "swiss"]
[EventRounds "9"]
[EventCountry "COL"]
[SourceTitle "CBM 165 Extra"]
[Source "ChessBase"]
[SourceDate "2015.04.21"]
[SourceVersion "1"]
[SourceVersionDate "2015.04.21"]
[SourceQuality "1"]

1. e4 d5 2. exd5 Qxd5 3. Nc3 Qa5 4. Nf3 Nf6 5. Bc4 Bf5 6. d3 Nc6 7. h3 e6 8. Bd2 0-0-0 9. Qe2 Bb4 10. 0-0-0 Nd5 11. Ne4 Bxd2+ 12. Qxd2 Bxe4 13. dxe4 Ndb4 14. Qg5 Nxa2+ 15. Kb1 Nab4 16. Qxg7 Qc5 17. Bb3 Rdf8 18. Rd2 Na5 19. Nd4 Nc4 20. Rdd1 Rhg8 21. Qh6 Rg6 22. Qxh7 e5 23. Qxg6 fxg6 24. Ne6 Qxf2 25. Nxf8 Nd2+ 26. Ka1 Nxb3+ 27. cxb3 Qxf8 0-1

[Event "COL-ch Amateur"]
[Site "San Andres Islas"]
[Date "2013.03.17"]
[Round "8"]
[White "Rodriguez Lopez, Andres Camilo"]
[Black "Giron, Yorman Omar"]
[Result "1/2-1/2"]
[WhiteElo "1923"]
[BlackElo "1844"]
[PlyCount "36"]
[EventDate "2013.03.13"]
[EventType "swiss"]
[EventRounds "9"]
[EventCountry "COL"]
[SourceTitle "CBM 153 Extra"]
[Source "ChessBase"]
[SourceDate "2013.04.22"]
[SourceVersion "1"]
[SourceVersionDate "2013.04.22"]
[SourceQuality "1"]

1. e4 e5 2. Nf3 Nc6 3. Bb5 a6 4. Ba4 Nf6 5. d4 exd4 6. 0-0 Be7 7. Re1 0-0 8. e5 Nd5 9. Nxd4 Nxd4 10. Qxd4 Nb6 11. Bb3 d5 12. exd6 Qxd6 13. Qxd6 Bxd6 14. Be3 Nd7 15. Nd2 Nc5 16. Bd5 c6 17. Ne4 Nxe4 18. Bxe4 Be6 1/2-1/2

[Event "Latin Cup-A 3rd"]
[Site "Cali"]
[Date "2012.10.09"]
[Round "9"]
[White "Rodriguez Lopez, Andres Camilo"]
[Black "Ruiz Castillo, Joshua Daniel"]
[Result "0-1"]
[WhiteElo "1928"]
[BlackElo "2315"]
[PlyCount "48"]
[EventDate "2012.10.04"]
[EventType "swiss"]
[EventRounds "9"]
[EventCountry "COL"]
[SourceTitle "CBM 150 Extra"]
[Source "ChessBase"]
[SourceDate "2012.10.19"]
[SourceVersion "1"]
[SourceVersionDate "2012.10.19"]
[SourceQuality "1"]

1. e4 c5 2. Nf3 d6 3. d4 cxd4 4. Qxd4 Nc6 5. Bb5 Bd7 6. Bxc6 Bxc6 7. c4 Nf6 8. Nc3 g6 9. Bg5 Bg7 10. Qd3 Qb6 11. Rb1 0-0 12. 0-0 Rfc8 13. b3 a6 14. Nd5 Bxd5 15. exd5 Re8 16. Rfe1 Qc7 17. Nd4 Rac8 18. Rbd1 Qc5 19. h3 e5 20. dxe6 Qxg5 21. exf7+ Kxf7 22. Ne6 Rxe6 23. Rxe6 Kxe6 24. Qxd6+ Kf7 0-1

[Event "Latin Cup-A 3rd"]
[Site "Cali"]
[Date "2012.10.07"]
[Round "7"]
[White "Rodriguez Lopez, Andres Camilo"]
[Black "Bravo, Juan Eduardo"]
[Result "1/2-1/2"]
[WhiteElo "1928"]
[BlackElo "1740"]
[PlyCount "70"]
[EventDate "2012.10.04"]
[EventType "swiss"]
[EventRounds "9"]
[EventCountry "COL"]
[SourceTitle "CBM 150 Extra"]
[Source "ChessBase"]
[SourceDate "2012.10.19"]
[SourceVersion "1"]
[SourceVersionDate "2012.10.19"]
[SourceQuality "1"]

1. e4 c5 2. Nf3 Nc6 3. Bb5 a6 4. Bxc6 bxc6 5. d3 d6 6. Be3 Nf6 7. c3 e5 8. Qc2 Be7 9. Nbd2 0-0 10. 0-0 Ng4 11. h3 Nxe3 12. fxe3 Be6 13. Rf2 Qd7 14. c4 Rab8 15. b3 f5 16. exf5 Rxf5 17. e4 Rf4 18. Raf1 Rbf8 19. Nh2 Rxf2 20. Rxf2 Rxf2 21. Kxf2 Bh4+ 22. g3 Bg5 23. Ndf3 Bd8 24. g4 Qf7 25. Qd2 h5 26. Kg3 h4+ 27. Kg2 Qg6 28. Qe3 Qh6 29. Qxh6 gxh6 30. Ne1 Kg7 31. Kf3 Kg6 32. Nc2 a5 33. Ne3 h5 34. Nf5 Bxf5 35. gxf5+ Kg7 1/2-1/2

[Event "COL-ch U20"]
[Site "Bogota"]
[Date "2009.04.06"]
[Round "7.15"]
[White "Silva, John Hansen"]
[Black "Rodriguez Lopez, Andres Camilo"]
[Result "0-1"]
[WhiteElo "2028"]
[BlackElo "1909"]
[PlyCount "34"]
[EventDate "2009.04.03"]
[EventType "swiss"]
[EventRounds "7"]
[EventCountry "COL"]
[SourceTitle "EXT 2024"]
[Source "ChessBase"]
[SourceDate "2023.10.10"]
[SourceVersion "1"]
[SourceVersionDate "2023.10.10"]
[SourceQuality "1"]

1. e3 e5 2. d4 exd4 3. exd4 Nf6 4. Nf3 g6 5. Bg5 d5 6. Nc3 Bg7 7. Qe2+ Be6 8. 0-0-0 0-0 9. h4 Re8 10. Ne5 Qd6 11. Bxf6 Bxf6 12. h5 Nd7 13. hxg6 fxg6 14. Nxd7 Qxd7 15. Qd2 a6 16. Qf4 Qe7 17. Qg3 Qg7 0-1

[Event "Bogota Mila Memorial op"]
[Site "Bogota"]
[Date "2009.04.??"]
[Round "1"]
[White "Clavijo, Jorge Mario"]
[Black "Rodriguez Lopez, Andres Camilo"]
[Result "1-0"]
[WhiteElo "2364"]
[BlackElo "1908"]
[PlyCount "65"]
[EventDate "2009.04.??"]
[EventType "swiss"]
[EventRounds "9"]
[EventCountry "COL"]
[SourceTitle "EXT 2014"]
[Source "ChessBase"]
[SourceDate "2013.11.20"]
[SourceVersion "1"]
[SourceVersionDate "2013.11.20"]
[SourceQuality "1"]

1. e4 e5 2. Nf3 Nc6 3. Bb5 a6 4. Ba4 Nf6 5. 0-0 Be7 6. Re1 b5 7. Bb3 d6 8. c3 0-0 9. h3 Na5 10. Bc2 c5 11. d4 Qc7 12. Nbd2 cxd4 13. cxd4 Bd7 14. Nf1 Nc6 15. Bg5 h6 16. Be3 Nb4 17. Bb1 a5 18. Ng3 Rfe8 19. a3 Na6 20. Ba2 Rac8 21. Rc1 Qb8 22. Qd2 Bf8 23. Qxa5 Nc7 24. d5 Na8 25. Bb1 Rxc1 26. Rxc1 Rc8 27. Rxc8 Qxc8 28. Bd3 Qb7 29. Nd2 Nc7 30. Nb1 Be7 31. Nc3 Bc8 32. Bb6 Na8 33. Bd8 1-0